Podpora predaja slovenských farmárskych výrobkov

Podpora predaja slovenských poľnohospodárskych výrobkov pomocou nových typov potravinových štítkov.

Guardado en:
Detalles Bibliográficos
Autor principal: Jarossová, Malgorzata Agnieszka, 1978-
Otros Autores: Blažečka, Michal
Formato: Capítulo de libro
Lenguaje:eslovaco
Materias:
Etiquetas: Agregar Etiqueta
Sin Etiquetas, Sea el primero en etiquetar este registro!

MARC

LEADER 00000nla a2200000 4500
001 0240017
005 20240502073907.2
041 0 |a slo 
044 |a SK 
245 1 0 |a Podpora predaja slovenských farmárskych výrobkov  |c Malgorzata A. Jarossová, Michal Blažečka 
520 |a Podpora predaja slovenských poľnohospodárskych výrobkov pomocou nových typov potravinových štítkov. 
610 2 0 |a potraviny 
610 2 0 |a Slovensko 
610 2 0 |a poľnohospodárstvo 
610 2 0 |a podpora predaja 
610 2 0 |a označovanie tovarov 
100 1 |a Jarossová, Malgorzata Agnieszka, 1978- 
700 1 |a Blažečka, Michal